000 00683nam a2200217 a 4500
001 BRCA_7606
005 20190320205917.0
008 270613s2008----po-a######---#000-0#por-#
020 _a9789728610760
041 _apor
044 _apo
050 4 _aNK4210.C6
_b.T47 2008
245 1 0 _aTeresa Cortez
_bceramica que conta histórias
_cdireccao Rui A. Pereira.
260 _aLisboa, Portugal
_bCampo da Comunicacao
_cc2008
300 _a114 p.
_bil. a color
_c23 cm.
_e1 DVD
440 0 _aColeccao d’arte
_918753
600 1 4 _aCortez, Teresa
_xCrítica e interpretación
_918754
650 1 4 _aCerámica portuguesa
_918755
700 1 _aPereira, Rui A.
_d1966-
_918756
942 _2lcc
_cB
999 _c7280
_d7280